The effect of physical conditioning on affective attitudes toward the self, the body and physical fitness /

Bibliographic Details
Main Author: Hellison, Donald R., 1938-
Format: Thesis Book
Language:English
Published: Columbus, Ohio : Hellison, 1969.
Subjects:

MARC

Tag First Indicator Second Indicator Subfields
LEADER 00000cam a2200000 i 4500
001 in00000042852
005 20151007064906.0
008 730606r19731969oru bb 00010 eng d
035 |a (OCoLC)00637599 
035 |9 AAE0841AM 
040 |c KSU  |d TXA  |d UtOrBLW 
049 |a TXAI 
099 |a fiche  |a C  |a 1497 
100 1 |a Hellison, Donald R.,  |d 1938- 
245 1 4 |a The effect of physical conditioning on affective attitudes toward the self, the body and physical fitness /  |c by Donald Raymond Hellison. 
264 1 |a Columbus, Ohio :  |b Hellison,  |c 1969. 
300 |a 111 leaves ;  |c 28 cm. 
336 |a text  |b txt  |2 rdacontent 
337 |a microform  |b h  |2 rdamedia 
338 |a microfiche  |b he  |2 rdacarrier 
500 |a Vita. 
500 |a Microfiche (negative) of typescript. Eugene : Microform Publications, College of Health, Physical Education and Recreation, University of Oregon, 1973. -- 2 sheets ; 10.5 x 14.8 cm. 
502 |c Ohio State University. 
504 |a Bibliography: leaves 105-111. 
500 |a Microform. 
650 0 |a Self-perception. 
650 0 |a Body image. 
650 0 |a Physical fitness. 
650 0 |a Physical education and training. 
999 |a MARS 
999 f f |s 4c6d8a6e-16ca-33d0-bf9a-0afcff53097e  |i aaf5169a-4f6d-351a-93c7-08f547a9767c  |t 0 
952 f f |p normal  |a Texas A&M University  |b College Station  |c Sterling C. Evans Library  |d Evans: Microforms (3rd floor)  |t 0  |e fiche C 1497  |h Other scheme  |i microform -- microfiche  |m A14820671983 
998 f f |a fiche C 1497  |t 0  |l Evans: Microforms (3rd floor)